00392nam a2200157Ia 4500008004100000040001900041041001200060082002700072100001700099245003300116260002600149300001400175440001000189650001400199850002100213131103s9999 xx 000 0 und d aLoreto College aEnglish a371.63/BELbLCBED/7999 aBell, C.R.V. aGood handwritingcC.R.V.Bell aLondonbLongmanc1961 aviii,39p. a18cm. aEducation aLCBED/371.63/BEL